00342pab a2200133 454500008004000000100001700040245004500057260000900102300001100111650002400122700002000146700001600166773002600182180718b1987 xxu||||| |||| 00| 0 eng d aBenjamin, S. aStretching the people's housing reources c1987 a147-59 aHousing - Indonesia aG.J. De Kruijff aM.W. Marler aHabitat International